Catálogo
 En Linea

Año santo : (Registro nro. 20361)

Detalles MARC
000 -CABECERA
campo de control de longitud fija 00530nam a2200133 a 4500
001 - NÚMERO DE CONTROL
campo de control 000020858
005 - FECHA Y HORA DE LA ÚLTIMA TRANSACCIÓN
campo de control 20200930011158.0
008 - DATOS DE LONGITUD FIJA--INFORMACIÓN GENERAL
campo de control de longitud fija 100818s1974 dr 000 0 spa d
040 ## - FUENTE DE LA CATALOGACIÓN
Centro catalogador/agencia de origen DO-SdBNP
110 ## - ENTRADA PRINCIPAL--NOMBRE DE ENTIDAD CORPORATIVA
Nombre de entidad corporativa o nombre de jurisdicción como elemento de entrada Conferencia del Episcopado Dominicano .
Unidad subordinada Secretariado Nacional de Pastoral de Conjunto.
9 (RLIN) 43723
245 #0 - MENCIÓN DE TÍTULO
Título Año santo :
Resto del título la reconciliación y el respeto al derecho ajeno, 11 temas para asambleas familiares.
260 ## - PUBLICACIÓN, DISTRIBUCIÓN, ETC.
Lugar de publicación, distribución, etc. Santo Domingo :
Nombre del editor, distribuidor, etc. Secretariado Nacional de Pastoral de Conjunto,
Fecha de publicación, distribución, etc. 1974.
300 ## - DESCRIPCIÓN FÍSICA
Extensión 67 p. ;
Dimensiones 21 cm.

No hay ítems disponibles.

Con tecnología Koha